LIBRARY & INFORMATION CENTRE, KCAET, TAVANUR

ONLINE PUBLIC ACCESS CATALOGUE (OPAC)

Diseases of the thyroid gland / (Record no. 4420)

MARC details
000 -LEADER
fixed length control field 00376cam a2200145ua 4500
041 ## - LANGUAGE CODE
Language code of text/sound track or separate title eng
082 ## - DEWEY DECIMAL CLASSIFICATION NUMBER
Classification number 616.44
Item number KHA/DI
100 ## - MAIN ENTRY--AUTHOR NAME
Personal name Khavin, Nikolayev O .
245 ## - TITLE STATEMENT
Title Diseases of the thyroid gland /
260 ## - PUBLICATION, DISTRIBUTION, ETC. (IMPRINT)
Place of publication Moscow :
Name of publisher Peace Publishers ,
Year of publication 1962.
300 ## - PHYSICAL DESCRIPTION
Number of Pages 219 ; .
942 ## - ADDED ENTRY ELEMENTS (KOHA)
Koha item type Books
Holdings
Withdrawn status Lost status Damaged status Home library Current library Date acquired Full call number Accession Number Koha item type
      KAUAET KAUAET 07/04/2012 616.44 12041 Books
free website counter